| 000 | 00574cam a22002171 4500 | ||
|---|---|---|---|
| 001 | 279474 | ||
| 005 | 20180126075918.0 | ||
| 008 | 711216s1964 nyuab b 000 0 eng | ||
| 010 | _a 64025408 | ||
| 040 |
_aDLC _cDLC _dDLC |
||
| 041 | _aeng | ||
| 043 | _aas----- | ||
| 080 | _a574.959 RIP | ||
| 082 | 0 | 0 | _a574.959 RIP |
| 100 | 1 | _a9 | |
| 101 | _aMJE | ||
| 245 | 1 | 4 |
_aThe land and wildlife of tropical Asia, _cby S. Dillon Ripley and the editors of Life. |
| 504 | _aBibliography: p. 193. | ||
| 906 |
_a7 _bcbc _corignew _du _eocip _f19 _gy-gencatlg |
||
| 942 |
_2ddc _cBK |
||
| 999 |
_c41007 _d41007 |
||